Business improvement districts: another piece in the UK regeneration jigsaw? (Record no. 73041)
[ view plain ]
| 000 -LEADER | |
|---|---|
| fixed length control field | 01851cam a2200277 4500 |
| 001 - CONTROL NUMBER | |
| control field | ABS66935 |
| 008 - FIXED-LENGTH DATA ELEMENTS--GENERAL INFORMATION | |
| fixed length control field | 030715n2003 000 0 eng u |
| 035 ## - SYSTEM CONTROL NUMBER | |
| System control number | (Sirsi) u123005 |
| 100 ## - MAIN ENTRY--PERSONAL NAME | |
| Personal name | Jones, P. |
| 245 ## - TITLE STATEMENT | |
| Title | Business improvement districts: another piece in the UK regeneration jigsaw? |
| 260 ## - PUBLICATION, DISTRIBUTION, ETC. | |
| Date of publication, distribution, etc. | 2003 |
| 490 ## - SERIES STATEMENT | |
| Series statement | Town & Country Planning |
| Volume/sequential designation | 72(5) June 2003, 158-161(4) |
| 520 ## - SUMMARY, ETC. | |
| Summary, etc. | Focus on Business Improvement Districts (BIDS) and their role in urban regeneration. BIDS were first established in North America with a general aim of attracting investment to promote safer, cleaner and more attractive commercial public spaces in towns and cities. Expands on the characteristics and various definitions of BIDS and charts the emergence of BIDS in England. BIDS were formally proposed in the Local Government Bill 2002 and the legislation will be implemented in 2004. Defines BIDS under the bill, highlights the perceived benefits for businesses and local authorities and lists the 22 towns named as pilot locations. Although BIDS have generated lots of positive feedback there are a number or unresolved issues that need to be addressed. These include the challenge of guaranteeing stakeholder support and agreement among different stakeholders, the relationship between private sector interests and local authorities, the possible displacement of problems to other areas of the town or city and the need for BIDS not to conflict with other regeneration schemes. References. |
| 590 ## - LOCAL NOTE (RLIN) | |
| Local note | ABS |
| 650 ## - SUBJECT ADDED ENTRY--TOPICAL TERM | |
| Topical term or geographic name entry element | BUSINESS IMPROVEMENT DISTRICTS |
| 650 ## - SUBJECT ADDED ENTRY--TOPICAL TERM | |
| Topical term or geographic name entry element | LOCAL GOVERNMENT BILL |
| 650 ## - SUBJECT ADDED ENTRY--TOPICAL TERM | |
| Topical term or geographic name entry element | PUBLIC SPACE |
| 650 ## - SUBJECT ADDED ENTRY--TOPICAL TERM | |
| Topical term or geographic name entry element | BUSINESS COMMUNITY |
| 650 ## - SUBJECT ADDED ENTRY--TOPICAL TERM | |
| Topical term or geographic name entry element | LOCAL AUTHORITIES |
| 650 ## - SUBJECT ADDED ENTRY--TOPICAL TERM | |
| Topical term or geographic name entry element | BUSINESS RATES |
| 650 ## - SUBJECT ADDED ENTRY--TOPICAL TERM | |
| Topical term or geographic name entry element | URBAN REGENERATION |
| 690 ## - LOCAL SUBJECT ADDED ENTRY--TOPICAL TERM (OCLC, RLIN) | |
| Topical term or geographic name as entry element | REGENERATION |
| 700 ## - ADDED ENTRY--PERSONAL NAME | |
| Personal name | Hillier, D. |
| 700 ## - ADDED ENTRY--PERSONAL NAME | |
| Personal name | Comfort, D. |
| 942 ## - ADDED ENTRY ELEMENTS (KOHA) | |
| Suppress in OPAC | 0 |
| Withdrawn status | Lost status | Source of classification or shelving scheme | Damaged status | Not for loan | Home library | Current library | Shelving location | Date acquired | Total Checkouts | Full call number | Barcode | Date last seen | Copy number | Price effective from | Koha item type |
|---|---|---|---|---|---|---|---|---|---|---|---|---|---|---|---|
| Dewey Decimal Classification | London | London | Journal article | 15/07/2003 | ABS66935 | 123005-1001 | 06/08/2019 | 1 | 06/08/2019 | Journal article |